000 00778nam a22002417a 4500
005 20140110105503.0
010 _aENG-108995
020 _a9789351430292
_c595.00
035 _aEN-92528
037 _bDBAD/PUB
082 _a363.20954
100 _aVerma, Arvind
245 _aUnderstanding the police in India /
_cby Arvind Verma [and] K. S. Subramanian
250 _a2nd ed
260 _aGurgaon
_bLexis Nexis
_c2014
270 _a14th floor, Building No 10, Tower-B, DLF Cyber City, Phase-ll,
_bGurgaon
_e122002
300 _axv,307p.
_c24cm(Hb)
500 _aIncludes bibliographical references and index.
650 _aPolice
_z India.
650 _aLaw enforcement
_z India.
700 _aSubramanian, K. S.
942 _2ddc
_cEN
_mVER
_h363.20954
999 _c81432
_d81432